[Event "EU-Cup 39th"]
[White "Haag, Gregor"]
[Black "Johannsson, Birkir Isak"]
[Site "Vrnjacka Banja"]
[Round "5.5"]
[Result "1-0"]
[Date "2024.10.24"]
[WhiteElo "2335"]
[BlackElo "2142"]
[PlyCount "77"]
[EventDate "2024.10.20"]
[EventType "team-swiss"]
[EventRounds "7"]
[EventCountry "SRB"]
[SourceTitle "CB44_2024"]
[Source "Chessbase"]
[SourceDate "2024.10.30"]
[SourceVersion "1"]
[SourceVersionDate "2024.10.30"]
[SourceQuality "1"]
[WhiteTeam "Riehen"]
[BlackTeam "Breidablik"]
[WhiteTeamCountry "SUI"]
[BlackTeamCountry "ISL"]

1. d4 d5 2. c4 e6 3. Nf3 Nf6 4. Nc3 dxc4 5. e3 a6 6. a4 c5 7. Bxc4 Nc6 8. 0-0 Be7 9. Qe2 cxd4 10. Rd1 e5 11. exd4 exd4 12. Nxd4 Nxd4 13. Qe5 Qd6 14. Qxd4 Qxd4 15. Rxd4 Bc5 16. Rd1 Be6 17. Re1 0-0 18. Bxe6 fxe6 19. Be3 Bxe3 20. Rxe3 Kf7 21. Rae1 Rfe8 22. Ne4 Nxe4 23. Rxe4 Rac8 24. Rf4+ Kg6 25. h3 Rc2 26. Re3 h6 27. Rg3+ Kh7 28. Rf7 Rg8 29. Rxb7 Rc6 30. a5 h5 31. Rg5 Kh6 32. Re5 Kg6 33. h4 Kf6 34. Rxh5 e5 35. Rg5 g6 36. Rg4 Kf5 37. f3 Rc5 38. Rg5+ Kf4 39. Rb3 1-0

[Event "EU-Cup 39th"]
[White "Johannsson, Birkir Isak"]
[Black "Veinberg, Nimrod"]
[Site "Vrnjacka Banja"]
[Round "3.5"]
[Result "0-1"]
[Date "2024.10.22"]
[WhiteElo "2142"]
[BlackElo "2408"]
[PlyCount "86"]
[EventDate "2024.10.20"]
[EventType "team-swiss"]
[EventRounds "7"]
[EventCountry "SRB"]
[SourceTitle "CB44_2024"]
[Source "Chessbase"]
[SourceDate "2024.10.30"]
[SourceVersion "1"]
[SourceVersionDate "2024.10.30"]
[SourceQuality "1"]
[WhiteTeam "Breidablik"]
[BlackTeam "Rishon Le Zion"]
[WhiteTeamCountry "ISL"]
[BlackTeamCountry "ISR"]

1. d4 Nf6 2. Nf3 d5 3. c4 e6 4. g3 Bb4+ 5. Bd2 Be7 6. Bg2 0-0 7. 0-0 c6 8. Bf4 dxc4 9. Ne5 Nd5 10. Nxc4 Nxf4 11. gxf4 Nd7 12. Nc3 Nf6 13. e3 Bd7 14. Rc1 Be8 15. Kh1 Kh8 16. Rg1 Rg8 17. Qf3 Nd5 18. Qh3 Rc8 19. Ne4 Rc7 20. a3 Bf8 21. Bf3 b6 22. Rg3 Nf6 23. Rgg1 Nd5 24. Rg3 h6 25. Rcg1 g6 26. Ne5 f5 27. Nd2 Kh7 28. Qg2 Rcg7 29. Rh3 Rc7 30. Rg3 Qf6 31. b4 Rcg7 32. h4 c5 33. bxc5 bxc5 34. dxc5 Bxc5 35. Ndc4 Nb6 36. Kh2 Nxc4 37. Nxc4 Bb5 38. Ne5 Bxa3 39. Rg5 Bd6 40. Nc6 Bxc6 41. Bxc6 e5 42. fxe5 Qxe5+ 43. f4 Qxe3 0-1

[Event "Reykjavik op"]
[White "Kolka, Dawid"]
[Black "Johannsson, Birkir Isak"]
[Site "Reykjavik"]
[Round "5"]
[Result "1/2-1/2"]
[Date "2023.04.01"]
[WhiteElo "1940"]
[BlackElo "2171"]
[PlyCount "44"]
[EventDate "2023.03.29"]
[EventType "swiss"]
[EventRounds "9"]
[EventCountry "ISL"]
[SourceTitle "CBM 213 Extra"]
[Source "ChessBase"]
[SourceDate "2023.05.31"]
[SourceVersion "1"]
[SourceVersionDate "2023.05.31"]
[SourceQuality "1"]

1. e4 c5 2. c3 Nf6 3. e5 Nd5 4. Nf3 d6 5. Bb5+ Bd7 6. Bc4 e6 7. d4 Bc6 8. 0-0 Nd7 9. Bb3 cxd4 10. exd6 Bxd6 11. Nxd4 Qc7 12. g3 0-0 13. Nxc6 bxc6 14. Nd2 Nc5 15. Bc2 Rae8 16. Nc4 Be7 17. Re1 Bf6 18. Ne3 Rd8 19. Qf3 Be7 20. Qh5 Nf6 21. Qe2 Nd5 22. Qh5 Nf6 1/2-1/2

[Event "ISL-chT Kvika 2223"]
[White "Stefansson, Hannes"]
[Black "Johannsson, Birkir Isak"]
[Site "Reykjavik"]
[Round "9.2"]
[Result "1-0"]
[Date "2023.03.18"]
[WhiteElo "2510"]
[BlackElo "2171"]
[PlyCount "77"]
[EventDate "2022.10.13"]
[EventType "team-tourn"]
[EventRounds "10"]
[EventCountry "ISL"]
[SourceTitle "CBM 213 Extra"]
[Source "ChessBase"]
[SourceDate "2023.05.31"]
[SourceVersion "1"]
[SourceVersionDate "2023.05.31"]
[SourceQuality "1"]
[WhiteTeam "Taflfelag Gardjabaejar"]
[BlackTeam "Breidjblik Skakdeild"]
[WhiteTeamCountry "ISL"]
[BlackTeamCountry "ISL"]

1. e4 c5 2. Nf3 d6 3. d4 cxd4 4. Nxd4 Nf6 5. Nc3 a6 6. h3 e6 7. g4 h6 8. Bg2 Be7 9. Be3 Nc6 10. Qe2 Nxd4 11. Bxd4 e5 12. Be3 b5 13. 0-0-0 b4 14. Nd5 Nxd5 15. exd5 0-0 16. Be4 a5 17. Kb1 Bg5 18. Rdg1 a4 19. h4 Bxe3 20. Qxe3 a3 21. b3 Rb8 22. Rg3 Qb6 23. Qd2 Rb7 24. Rhg1 Rc7 25. Kc1 Qc5 26. Rf3 Ba6 27. Kd1 Bb5 28. Rgg3 Rcc8 29. g5 h5 30. Ke1 g6 31. Rf6 Kg7 32. Qe3 Rfd8 33. Qxc5 Rxc5 34. Kd2 Ba6 35. c3 bxc3+ 36. Rxc3 Bb7 37. Rxd6 Rxd5+ 38. Rxd5 Bxd5 39. Rd3 1-0

[Event "Ceske Budejovice op-A"]
[White "Johannsson, Birkir Isak"]
[Black "Simek, Petr1"]
[Site "Ceske Budejovice"]
[Round "7"]
[Result "1-0"]
[Date "2022.07.07"]
[WhiteElo "2131"]
[BlackElo "2348"]
[PlyCount "63"]
[EventDate "2022.07.01"]
[EventType "swiss"]
[EventRounds "9"]
[EventCountry "CZE"]
[SourceTitle "CBM 209 Extra"]
[Source "ChessBase"]
[SourceDate "2022.09.30"]
[SourceVersion "1"]
[SourceVersionDate "2022.09.30"]
[SourceQuality "1"]

1. Nf3 c5 2. c4 Nf6 3. Nc3 e6 4. g3 Nc6 5. Bg2 Qb6 6. e3 Be7 7. 0-0 0-0 8. d4 cxd4 9. exd4 d5 10. c5 Qa6 11. Be3 b6 12. a3 bxc5 13. dxc5 Ng4 14. Qd2 Na5 15. Bd4 Nb3 16. Qf4 Nf6 17. Qe3 Rb8 18. Rab1 Qa5 19. Be5 Ng4 20. Qf4 Nxe5 21. Nxe5 Qc7 22. Ng6 Rb7 23. Qxc7 Rxc7 24. Nxf8 Kxf8 25. Rbd1 Rxc5 26. Rfe1 Bf6 27. Bf1 Bd7 28. Ne4 dxe4 29. Rxd7 Rc2 30. Rxe4 Rxb2 31. Rb4 Nc5 32. Rxb2 1-0

[Event "Ceske Budejovice op-A"]
[White "Neuman, Petr"]
[Black "Johannsson, Birkir Isak"]
[Site "Ceske Budejovice"]
[Round "6"]
[Result "1-0"]
[Date "2022.07.06"]
[WhiteElo "2378"]
[BlackElo "2131"]
[PlyCount "103"]
[EventDate "2022.07.01"]
[EventType "swiss"]
[EventRounds "9"]
[EventCountry "CZE"]
[SourceTitle "CBM 209 Extra"]
[Source "ChessBase"]
[SourceDate "2022.09.30"]
[SourceVersion "1"]
[SourceVersionDate "2022.09.30"]
[SourceQuality "1"]

1. e4 c5 2. Nf3 d6 3. d4 cxd4 4. Nxd4 Nf6 5. f3 e6 6. Be3 Be7 7. Qd2 h5 8. c4 a6 9. Nc3 Qc7 10. Be2 b6 11. 0-0 Bb7 12. a4 Nbd7 13. a5 bxa5 14. Nb3 Rb8 15. Nxa5 Ba8 16. b4 0-0 17. Rfb1 Rfd8 18. Qe1 Ne5 19. Bd4 Nfd7 20. h3 Bf6 21. Qf2 Nc6 22. Nxc6 Qxc6 23. Bxf6 Nxf6 24. c5 Bb7 25. Na4 Nd7 26. Bf1 Ba8 27. cxd6 Qxd6 28. Nc5 Nxc5 29. bxc5 Qe5 30. Rxb8 Rxb8 31. Rxa6 Rc8 32. Qe3 Bc6 33. Ra3 h4 34. Qc3 Qg5 35. Ra6 Bb7 36. Ra5 Bc6 37. Ra1 Be8 38. Rc1 Bc6 39. Rb1 Be8 40. e5 Qe7 41. Rc1 Bc6 42. Qe3 Bd5 43. Ba6 Rc7 44. Bb5 Rc8 45. c6 Qb4 46. Qc5 Qxc5+ 47. Rxc5 Rc7 48. Kf2 g5 49. Ke3 Kg7 50. Kd4 f6 51. Rxd5 exd5 52. Kxd5 1-0

[Event "Reykjavik Kvika op"]
[White "Johannsson, Birkir Isak"]
[Black "Cummings, David H"]
[Site "Reykjavik"]
[Round "5"]
[Result "0-1"]
[Date "2022.04.09"]
[WhiteElo "2117"]
[BlackElo "2321"]
[PlyCount "52"]
[EventDate "2022.04.06"]
[EventType "swiss"]
[EventRounds "9"]
[EventCountry "ISL"]
[SourceTitle "CBM 207 Extra"]
[Source "ChessBase"]
[SourceDate "2022.05.31"]
[SourceVersion "1"]
[SourceVersionDate "2022.05.31"]
[SourceQuality "1"]

1. d4 Nf6 2. Nf3 d5 3. c4 e6 4. Nc3 c6 5. e3 Nbd7 6. Be2 Bd6 7. 0-0 0-0 8. b3 b6 9. Bb2 Bb7 10. Qc2 Qe7 11. Rfd1 Rfd8 12. Rac1 Rac8 13. Qb1 c5 14. cxd5 exd5 15. g3 a6 16. dxc5 bxc5 17. Re1 Qf8 18. Qa1 Re8 19. Nd2 Ne5 20. Nd1 Qe7 21. Nf3 d4 22. Nxe5 Qxe5 23. f3 Qg5 24. Rc2 Bxg3 25. hxg3 Qxg3+ 26. Kf1 Ng4 0-1

[Event "Reykjavik Kvika op"]
[White "Johannsson, Birkir Isak"]
[Black "Romanishin, Oleg M"]
[Site "Reykjavik"]
[Round "1"]
[Result "1/2-1/2"]
[Date "2022.04.06"]
[WhiteElo "2117"]
[BlackElo "2415"]
[PlyCount "58"]
[EventDate "2022.04.06"]
[EventType "swiss"]
[EventRounds "9"]
[EventCountry "ISL"]
[SourceTitle "CBM 207 Extra"]
[Source "ChessBase"]
[SourceDate "2022.05.31"]
[SourceVersion "1"]
[SourceVersionDate "2022.05.31"]
[SourceQuality "1"]

1. d4 Nf6 2. Nf3 g6 3. Nbd2 d5 4. c4 c6 5. e3 Bg7 6. b4 0-0 7. a4 Nbd7 8. Bb2 e5 9. dxe5 Ng4 10. cxd5 Ndxe5 11. Nxe5 Nxe5 12. Qb3 Qxd5 13. Qxd5 cxd5 14. Bd4 Bf5 15. Be2 a5 16. bxa5 Nd3+ 17. Bxd3 Bxd4 18. Ra3 Bc5 19. Rb3 Bxd3 20. Rxd3 Rxa5 21. Rxd5 Rxa4 22. 0-0 b6 23. Nb3 Rc4 24. g3 Rc8 25. Ra1 Rc3 26. Nd4 Bxd4 27. Rxd4 Rc1+ 28. Rxc1 Rxc1+ 29. Kg2 h5 1/2-1/2

[Event "Hasselbacken op"]
[White "Johannsson, Birkir Isak"]
[Black "Akesson, Ralf"]
[Site "Stockholm"]
[Round "4"]
[Result "1/2-1/2"]
[Date "2021.11.05"]
[WhiteElo "2109"]
[BlackElo "2385"]
[PlyCount "128"]
[EventDate "2021.11.05"]
[EventType "swiss"]
[EventRounds "8"]
[EventCountry "SWE"]
[SourceTitle "CBM 205 Extra"]
[Source "ChessBase"]
[SourceDate "2022.01.31"]
[SourceVersion "1"]
[SourceVersionDate "2022.01.31"]
[SourceQuality "1"]

1. c4 Nf6 2. Nc3 c5 3. Nf3 e6 4. g3 b6 5. Bg2 Bb7 6. 0-0 Be7 7. Re1 d5 8. cxd5 Nxd5 9. Nxd5 Qxd5 10. d4 cxd4 11. Qxd4 0-0 12. Bg5 f6 13. Be3 Qxd4 14. Nxd4 Bxg2 15. Kxg2 Kf7 16. Red1 Rc8 17. Rac1 Na6 18. Rxc8 Rxc8 19. Nb5 Nb4 20. Nxa7 Rc2 21. Rd2 Rxd2 22. Bxd2 Nxa2 23. Be3 Bc5 24. Kf3 Ke8 25. Nc8 Bf8 26. Nxb6 Nb4 27. Bd2 Kd8 28. Nc4 Kc7 29. e4 Nc6 30. Bc3 e5 31. Ne3 Kd7 32. Nd5 Na7 33. Ke2 Nb5 34. Kd3 Kc6 35. f4 exf4 36. gxf4 Bc5 37. h3 Bg1 38. Ne7+ Kd7 39. Nf5 g6 40. Nd4 Bxd4 41. Bxd4 f5 42. exf5 gxf5 43. Be5 Kc6 44. Ke3 Kd5 45. Kf3 Na7 46. b4 Kc4 47. Bd6 Nc6 48. Kg3 Kd5 49. Bf8 Nd4 50. Bc5 Ne2+ 51. Kf3 Nc3 52. Ke3 Kc4 53. Bd6 Nd5+ 54. Kf3 Nxb4 55. Kg3 Nc6 56. Kh4 Kd5 57. Bc7 Ke4 58. Kg5 Nd4 59. Kh6 Ne6 60. Bb8 Nxf4 61. h4 Ng2 62. h5 f4 63. Bxf4 Nxf4 64. Kxh7 Nxh5 1/2-1/2

[Event "EU-ch 21st"]
[White "Kanyamarala, Tarun"]
[Black "Johannsson, Birkir Isak"]
[Site "Reykjavik"]
[Round "7"]
[Result "1-0"]
[Date "2021.09.01"]
[WhiteElo "2369"]
[BlackElo "2052"]
[PlyCount "55"]
[EventDate "2021.08.26"]
[EventType "swiss"]
[EventRounds "11"]
[EventCountry "ISL"]
[SourceTitle "CBM 204"]
[Source "ChessBase"]
[SourceDate "2021.10.31"]
[SourceVersion "1"]
[SourceVersionDate "2021.10.31"]
[SourceQuality "1"]

1. e4 c5 2. Nf3 d6 3. d4 cxd4 4. Nxd4 Nf6 5. Nc3 a6 6. h3 e6 7. g4 h6 8. Bg2 Be7 9. f4 Nfd7 10. 0-0 Nc6 11. Nf3 0-0 12. Ne2 b5 13. Be3 Bb7 14. Ng3 Rc8 15. Qe2 Nb6 16. b3 Nd7 17. c3 b4 18. c4 Qc7 19. Rad1 Nc5 20. Bc1 Rfe8 21. Bb2 a5 22. Nh5 Bf8 23. g5 hxg5 24. Nxg5 f5 25. exf5 exf5 26. Bd5+ Kh8 27. Qf2 Ne7 28. Nxg7 1-0

[Event "ISL-chT1 1920"]
[White "Johannsson, Birkir Isak"]
[Black "Sigurjonsson, Stefan Thor"]
[Site "Reykjavik"]
[Round "7.5"]
[Result "1/2-1/2"]
[Date "2021.05.15"]
[WhiteElo "2069"]
[BlackElo "2080"]
[PlyCount "88"]
[EventDate "2019.10.03"]
[EventType "team-tourn"]
[EventRounds "9"]
[EventCountry "ISL"]
[SourceTitle "EXT 2022"]
[Source "ChessBase"]
[SourceDate "2021.10.06"]
[SourceVersion "1"]
[SourceVersionDate "2021.10.06"]
[SourceQuality "1"]
[WhiteTeam "Breidjablik Bolungarvik"]
[BlackTeam "Vikingaklubburinn"]
[WhiteTeamCountry "ISL"]
[BlackTeamCountry "ISL"]

1. c4 e5 2. Nc3 Nf6 3. Nf3 d6 4. d4 exd4 5. Nxd4 Be7 6. g3 0-0 7. Bg2 c6 8. 0-0 Qc7 9. b3 Nbd7 10. Bb2 Nc5 11. Qd2 Re8 12. Rfe1 a5 13. Rad1 Be6 14. h3 Rad8 15. e4 Bc8 16. Kh2 Bf8 17. f4 h5 18. Qf2 Bg4 19. Rd2 Bc8 20. Bf3 Qd7 21. Qg2 d5 22. cxd5 cxd5 23. e5 Nfe4 24. Nxe4 dxe4 25. Bxh5 b6 26. Be2 e3 27. Rdd1 Bb7 28. Bf3 Bxf3 29. Qxf3 Qc7 30. Qxe3 Ne6 31. Rc1 Bc5 32. Qe4 Qd7 33. Nf3 Qb5 34. Re2 Rd7 35. f5 Nd4 36. Nxd4 Bxd4 37. Bxd4 Rxd4 38. Qe3 Rd3 39. Qf2 Rxe5 40. Rxe5 Qxe5 41. Re1 Qd5 42. Re2 Rd1 43. Re1 Rd2 44. Re2 Rd1 1/2-1/2

[Event "Reykjavik Haustmot-B"]
[White "Mai, Alexander Oliver"]
[Black "Johannsson, Birkir Isak"]
[Site "Reykjavik"]
[Round "7"]
[Result "1-0"]
[Date "2020.09.27"]
[WhiteElo "2055"]
[BlackElo "2146"]
[PlyCount "133"]
[EventDate "2020.09.13"]
[EventType "tourn"]
[EventRounds "9"]
[EventCountry "ISL"]
[SourceTitle "CBM 198 Extra"]
[Source "ChessBase"]
[SourceDate "2020.11.30"]
[SourceVersion "1"]
[SourceVersionDate "2020.11.30"]
[SourceQuality "1"]

1. e4 e5 2. Nf3 Nc6 3. Bb5 a6 4. Ba4 Nf6 5. d4 exd4 6. 0-0 Be7 7. e5 Ne4 8. Nxd4 Nc5 9. Nf5 Ne6 10. Qg4 Bf8 11. Bxc6 dxc6 12. Rd1 Bd7 13. Qf3 Be7 14. Nxe7 Qxe7 15. Nc3 0-0-0 16. Be3 Kb8 17. Rd2 Bc8 18. Rad1 Rxd2 19. Rxd2 Rd8 20. Qd1 Rxd2 21. Qxd2 Qb4 22. b3 b6 23. f3 Kb7 24. Ne4 Qxd2 25. Bxd2 c5 26. Kf2 Kc6 27. c4 a5 28. Ke3 Ba6 29. Kd3 Bc8 30. g4 Kd7 31. Be3 Ke7 32. f4 Nf8 33. f5 g6 34. Bg5+ Kd7 35. Nf6+ Kc6 36. Ke4 b5 37. Bh6 gxf5+ 38. gxf5 Nd7 39. cxb5+ Kxb5 40. Nxh7 c4 41. bxc4+ Kxc4 42. Ng5 Nc5+ 43. Ke3 Bxf5 44. Nxf7 Kd5 45. Bf4 Ne6 46. h4 Bg6 47. Nh6 Nd4 48. Bg3 c5 49. Ng4 Nf5+ 50. Kf4 Ke6 51. Be1 a4 52. Nf6 Ne7 53. h5 Bb1 54. a3 c4 55. Bc3 Nf5 56. Ne4 Bxe4 57. Kxe4 Ng3+ 58. Kd4 Nxh5 59. Kxc4 Nf4 60. Kb5 Kd5 61. Kxa4 Kc4 62. Bb4 Ne6 63. Bd6 Nd4 64. Ka5 Kb3 65. a4 Kc4 66. Kb6 Kd5 67. a5 1-0

[Event "Reykjavik Haustmot-B"]
[White "Johannsson, Birkir Isak"]
[Black "Briem, Benedikt"]
[Site "Reykjavik"]
[Round "6"]
[Result "1-0"]
[Date "2020.09.26"]
[WhiteElo "2146"]
[BlackElo "1951"]
[PlyCount "75"]
[EventDate "2020.09.13"]
[EventType "tourn"]
[EventRounds "9"]
[EventCountry "ISL"]
[SourceTitle "CBM 198 Extra"]
[Source "ChessBase"]
[SourceDate "2020.11.30"]
[SourceVersion "1"]
[SourceVersionDate "2020.11.30"]
[SourceQuality "1"]

1. c4 c5 2. Nf3 Nc6 3. Nc3 e5 4. g3 g6 5. Bg2 Bg7 6. a3 Nge7 7. 0-0 0-0 8. Rb1 a6 9. b4 d6 10. d3 Rb8 11. b5 axb5 12. Rxb5 f5 13. Bd2 h6 14. Qb1 Qc7 15. Ne1 Be6 16. Qc1 Kh7 17. Rb1 Qd7 18. Nc2 Rfc8 19. Ne3 g5 20. Ned5 Bxd5 21. cxd5 Nd8 22. Nb5 Nf7 23. Qc4 b6 24. Rb3 Rb7 25. Rfb1 Rcb8 26. a4 Ra8 27. h4 Kg6 28. Nc3 Nc8 29. hxg5 hxg5 30. g4 f4 31. Be4+ Kf6 32. Bf5 Qc7 33. a5 Nh6 34. Be6 Qb8 35. f3 Kg6 36. Qe4+ Kf6 37. Qh7 Nf5 38. Qxf5+ 1-0

[Event "EU-ch Online U18"]
[White "Johannsson, Birkir Isak"]
[Black "Easwaralingam, Adesh"]
[Site "Tornelo INT"]
[Round "4"]
[Result "1-0"]
[Date "2020.09.19"]
[WhiteElo "2146"]
[BlackElo "2110"]
[PlyCount "89"]
[EventDate "2020.09.18"]
[EventType "swiss (rapid)"]
[EventRounds "9"]
[EventCountry "ENG"]
[SourceTitle "CBM 198 Extra"]
[Source "ChessBase"]
[SourceDate "2020.11.30"]
[SourceVersion "1"]
[SourceVersionDate "2020.11.30"]
[SourceQuality "1"]

1. c4 Nf6 2. Nc3 e6 3. e4 d5 4. e5 Ne4 5. Nf3 Be7 6. Qc2 Nxc3 7. dxc3 b6 8. cxd5 exd5 9. Bd3 h6 10. 0-0 0-0 11. Bf4 Nd7 12. Qe2 Nc5 13. Bc2 Ba6 14. Qe3 Bxf1 15. Rxf1 Ne4 16. Rd1 Bc5 17. Nd4 Qe8 18. f3 f6 19. e6 Ng5 20. Re1 Qe7 21. h4 Nh7 22. Bg6 f5 23. Bf7+ Kh8 24. g3 Bxd4 25. cxd4 Rac8 26. Qe5 Qf6 27. e7 Qxf7 28. exf8Q+ Nxf8 29. Qe7 Kg8 30. Kf2 c5 31. dxc5 Rxc5 32. Qxf7+ Kxf7 33. Re2 Ne6 34. Be5 Rc1 35. Rd2 Rc5 36. Ke2 a5 37. Bd6 Rc6 38. Rxd5 Rc2+ 39. Rd2 Nd4+ 40. Ke3 Rxd2 41. Kxd2 Nxf3+ 42. Ke3 Ne1 43. Bc7 b5 44. Bxa5 Ke6 45. Bxe1 1-0

[Event "Reykjavik Haustmot-B"]
[White "Johannsson, Birkir Isak"]
[Black "Ptacnikova, Lenka"]
[Site "Reykjavik"]
[Round "1"]
[Result "0-1"]
[Date "2020.09.14"]
[WhiteElo "2146"]
[BlackElo "2117"]
[PlyCount "120"]
[EventDate "2020.09.13"]
[EventType "tourn"]
[EventRounds "9"]
[EventCountry "ISL"]
[SourceTitle "CBM 198 Extra"]
[Source "ChessBase"]
[SourceDate "2020.11.30"]
[SourceVersion "1"]
[SourceVersionDate "2020.11.30"]
[SourceQuality "1"]

1. c4 e5 2. Nc3 c5 3. Nf3 Nc6 4. g3 g6 5. Bg2 Bg7 6. a3 Nge7 7. 0-0 0-0 8. Rb1 a5 9. Ne1 d6 10. Nc2 Be6 11. Ne3 f5 12. d3 Rb8 13. Bd2 f4 14. Ned5 g5 15. b4 axb4 16. axb4 Nd4 17. e3 f3 18. Bh1 Nxd5 19. cxd5 Bh3 20. Re1 Nf5 21. Bxf3 cxb4 22. Rxb4 Nh6 23. Ne4 Bf5 24. Qe2 g4 25. Bg2 Nf7 26. Reb1 b6 27. Be1 h5 28. Qb2 Qc7 29. Rxb6 Rxb6 30. Qxb6 Qc2 31. Qb3 Qe2 32. Qd1 Qa2 33. Rb6 Bxe4 34. dxe4 Rc8 35. Qb1 Qxb1 36. Rxb1 Ng5 37. f4 gxf3 38. Bh1 Rc2 39. h4 f2+ 40. Kf1 fxe1Q+ 41. Kxe1 Rh2 42. Rb8+ Bf8 43. hxg5 Rxh1+ 44. Kf2 Rh2+ 45. Kf3 Ra2 46. Re8 Ra7 47. g6 Kg7 48. Re6 Be7 49. Kf2 Rd7 50. Kf3 Bf6 51. Kg2 Kxg6 52. Kf3 Kg5 53. Kg2 Bd8 54. Kf3 Bb6 55. Re8 Rd8 56. Re7 Rf8+ 57. Ke2 Ra8 58. Rg7+ Kf6 59. Rb7 Bc5 60. Rb3 Kg5 0-1

[Event "ISL-chT1 1920"]
[White "Runarsson, Gunnar Freyr"]
[Black "Johannsson, Birkir Isak"]
[Site "Reykjavik"]
[Round "3.3"]
[Result "1-0"]
[Date "2019.10.05"]
[WhiteElo "1910"]
[BlackElo "2069"]
[PlyCount "45"]
[EventDate "2019.10.03"]
[EventType "team-tourn"]
[EventRounds "9"]
[EventCountry "ISL"]
[SourceTitle "CBM 195 Extra"]
[Source "ChessBase"]
[SourceDate "2020.05.31"]
[SourceVersion "1"]
[SourceVersionDate "2020.05.31"]
[SourceQuality "1"]
[WhiteTeam "Vikingaklubburinn II"]
[BlackTeam "Breidjablik Bolungarvik"]
[WhiteTeamCountry "ISL"]
[BlackTeamCountry "ISL"]

1. d4 d5 2. e4 dxe4 3. Nc3 Nf6 4. f3 exf3 5. Nxf3 g6 6. Bc4 Bg7 7. 0-0 0-0 8. Be3 Nbd7 9. Qd2 Nb6 10. Bb3 c6 11. Rad1 Bg4 12. Bh6 Nbd5 13. Rde1 Nxc3 14. bxc3 Bxf3 15. Rxf3 c5 16. Rh3 Ng4 17. Bxg7 Kxg7 18. Qg5 Nf6 19. Qh6+ Kg8 20. Rf1 Re8 21. Rxf6 exf6 22. Qxh7+ Kf8 23. Qxf7# 1-0

[Event "EU-ch U18"]
[White "Johannsson, Birkir Isak"]
[Black "Castillo Dalmau, Albert"]
[Site "Bratislava"]
[Round "7"]
[Result "0-1"]
[Date "2019.08.08"]
[WhiteElo "1988"]
[BlackElo "2241"]
[PlyCount "126"]
[EventDate "2019.08.02"]
[EventType "swiss"]
[EventRounds "9"]
[EventCountry "SVK"]
[SourceTitle "CBM 191 Extra"]
[Source "ChessBase"]
[SourceDate "2019.09.30"]
[SourceVersion "1"]
[SourceVersionDate "2019.09.30"]
[SourceQuality "1"]

1. Nf3 Nf6 2. c4 e6 3. Nc3 b6 4. e4 d6 5. d4 Bb7 6. Bd3 c5 7. d5 exd5 8. cxd5 Nbd7 9. h3 Be7 10. 0-0 0-0 11. Bf4 a6 12. a4 Re8 13. Re1 Bf8 14. Qd2 Qc7 15. Bc4 h6 16. Rad1 g5 17. Bh2 Bg7 18. Bf1 Nh5 19. Bd3 Ne5 20. Be2 Nxf3+ 21. Bxf3 Nf6 22. e5 dxe5 23. d6 Qd7 24. Bxb7 Qxb7 25. Rxe5 Qd7 26. Qd3 Re6 27. Rxe6 Qxe6 28. Bg3 Ra7 29. Qd2 Rd7 30. Re1 Qc4 31. Re7 Bf8 32. Rxd7 Nxd7 33. Qe3 Qe6 34. Qd3 c4 35. Qd4 Bg7 36. Qd2 Bf8 37. Qd4 Bg7 38. Qd2 Be5 39. Bxe5 Qxe5 40. Nd1 b5 41. Ne3 c3 42. bxc3 bxa4 43. Ng4 Qe6 44. Ne3 a3 45. c4 Qe5 46. Nd1 a2 47. Qxa2 Qe1+ 48. Kh2 Qxd1 49. Qxa6 Kg7 50. Qc6 Ne5 51. Qc7 Qd4 52. Kg1 Qf4 53. g3 Qc1+ 54. Kg2 Qd2 55. Qe7 Qd4 56. Kg1 Ng6 57. Qc7 Nf8 58. Qe7 Qc5 59. Qc7 Ne6 60. Qe7 Qxc4 61. d7 Qd4 62. Kf1 Qf6 63. Qd6 Qd8 0-1

[Event "EU-ch U18"]
[White "Johannsson, Birkir Isak"]
[Black "Akdogan, Alperen"]
[Site "Bratislava"]
[Round "5"]
[Result "0-1"]
[Date "2019.08.06"]
[WhiteElo "1988"]
[BlackElo "2200"]
[PlyCount "68"]
[EventDate "2019.08.02"]
[EventType "swiss"]
[EventRounds "9"]
[EventCountry "SVK"]
[SourceTitle "CBM 191 Extra"]
[Source "ChessBase"]
[SourceDate "2019.09.30"]
[SourceVersion "1"]
[SourceVersionDate "2019.09.30"]
[SourceQuality "1"]

1. Nf3 Nf6 2. c4 c6 3. Nc3 d5 4. d4 Bf5 5. cxd5 Nxd5 6. g3 e6 7. Bg2 Be7 8. 0-0 Nd7 9. Re1 Nxc3 10. bxc3 Be4 11. Bf4 0-0 12. Ne5 Bxg2 13. Kxg2 c5 14. Qb3 Nxe5 15. Bxe5 Qd7 16. e4 Rac8 17. Rad1 c4 18. Qc2 b5 19. d5 f6 20. Bf4 e5 21. Be3 Bd6 22. a4 b4 23. cxb4 Bxb4 24. Re2 a5 25. f4 Qd6 26. fxe5 fxe5 27. Rf1 Rxf1 28. Kxf1 c3 29. Qd3 Qc7 30. Rc2 Qd7 31. Qb5 Qg4 32. Qd3 Qf3+ 33. Kg1 Bc5 34. Re2 c2 0-1